000 00496nam a22001577a 4500
005 20251108165523.0
008 250721s1992 xx 000 0 ara d
082 1 4 _aم/ط/915.64/دول
245 1 0 _aدولة فلسطين 1992 :
_bمفكرة فلسطين /
264 1 _aتونس :
_bمنظمة التحرير الفلسطينيه - دائرة الثقافه،
_c1992.
300 _aمصورة
650 1 7 _aفلسطين
650 1 7 _aالجغرافيا
942 _2ddc
_cBK
999 _c29847
_d29847